Job interviews for dummies
Job interviews are crucial meetings that seal the deal on who gets hired. But, since the previous edition of Job Interviews for Dummies was published, everything about the interview process has changed in ways you need to know about and get comfortable with beforehand
Сохранить в:
| Главный автор: | |
|---|---|
| Формат: | |
| Язык: | Undetermined |
| Опубликовано: |
Indianapolis, Ind.
Wiley Pub., Inc
2008
|
| Предметы: | |
| Метки: |
Добавить метку
Нет меток, Требуется 1-ая метка записи!
|
| Thư viện lưu trữ: | Trung tâm Học liệu Trường Đại học Cần Thơ |
|---|
| LEADER | 00840nam a2200205Ia 4500 | ||
|---|---|---|---|
| 001 | CTU_164783 | ||
| 008 | 210402s9999 xx 000 0 und d | ||
| 020 | |c 16.99 | ||
| 082 | |a 650.144 | ||
| 082 | |b K35/3rd | ||
| 100 | |a Kennedy, Joyce Lain | ||
| 245 | 0 | |a Job interviews for dummies | |
| 245 | 0 | |c by Joyce Lain Kennedy | |
| 260 | |a Indianapolis, Ind. | ||
| 260 | |b Wiley Pub., Inc | ||
| 260 | |c 2008 | ||
| 520 | |a Job interviews are crucial meetings that seal the deal on who gets hired. But, since the previous edition of Job Interviews for Dummies was published, everything about the interview process has changed in ways you need to know about and get comfortable with beforehand | ||
| 650 | |a Employment interviewing,Phỏng vấn nhân viên | ||
| 910 | |a Nguyên | ||
| 980 | |a Trung tâm Học liệu Trường Đại học Cần Thơ | ||